<?xml version="1.0" encoding="UTF-8"?>
<marc:record xmlns:marc="http://www.loc.gov/MARC21/slim">
   <marc:leader>00000nam a2200000 a 4500</marc:leader>
   <marc:datafield ind1="1" ind2=" " tag="100">
      <marc:subfield code="a">Oberbeil, Klaus</marc:subfield>
      <marc:subfield code="4">aut</marc:subfield>
      <marc:subfield code="e">Verfasser/-in</marc:subfield>
   </marc:datafield>
   <marc:datafield ind1=" " ind2=" " tag="653">
      <marc:subfield code="a">Anti-Aging</marc:subfield>
   </marc:datafield>
   <marc:datafield ind1=" " ind2=" " tag="653">
      <marc:subfield code="a">Gesunde Lebensführung</marc:subfield>
   </marc:datafield>
   <marc:datafield ind1=" " ind2=" " tag="653">
      <marc:subfield code="a">Softcover / Ratgeber/Gesundheit/Fitness</marc:subfield>
   </marc:datafield>
   <marc:datafield ind1=" " ind2=" " tag="653">
      <marc:subfield code="a">Aerobic</marc:subfield>
   </marc:datafield>
   <marc:datafield ind1=" " ind2=" " tag="653">
      <marc:subfield code="a">Bodybuilding</marc:subfield>
   </marc:datafield>
   <marc:datafield ind1=" " ind2=" " tag="653">
      <marc:subfield code="a">Gymnastik</marc:subfield>
   </marc:datafield>
   <marc:datafield ind1=" " ind2=" " tag="653">
      <marc:subfield code="a">Ratgeber</marc:subfield>
   </marc:datafield>
   <marc:datafield ind1="0" ind2="0" tag="245">
      <marc:subfield code="a">Fit mit 100</marc:subfield>
   </marc:datafield>
   <marc:datafield ind1="0" ind2="0" tag="245">
      <marc:subfield code="b">jung bleiben, länger leben ; [ein Leben lang schlank &amp; glücklich ; Programme für Körper und Seele ; 100 wertvolle Ernährungs-Tipps</marc:subfield>
   </marc:datafield>
   <marc:datafield ind1="0" ind2="0" tag="245">
      <marc:subfield code="c">Klaus Oberbeil</marc:subfield>
   </marc:datafield>
   <marc:datafield ind1=" " ind2="1" tag="264">
      <marc:subfield code="a">Lünen</marc:subfield>
      <marc:subfield code="b">Systemed-Verl.</marc:subfield>
      <marc:subfield code="c">2012</marc:subfield>
   </marc:datafield>
   <marc:datafield ind1=" " ind2=" " tag="250">
      <marc:subfield code="a">1. Aufl.</marc:subfield>
   </marc:datafield>
   <marc:datafield ind1="1" ind2=" " tag="520">
      <marc:subfield code="a">Angaben aus der Verlagsmeldung

Fit mit 100 : Jung bleiben, länger leben. Ein Leben lang schlank &amp; glücklich. Programme für Körper und Seele. 100 wertvolle Ernährungs-Tipps. / von Klaus Oberbeil

Das Fit-mit-100-Programm! Entdecken Sie das Geheimnis eines langen, erfüllten und gesunden Lebens.
Du bist jünger als Du denkst! - so lautet das Urteil moderner Bio-Science-Experten über die meisten von uns. Bei einigen Naturvölkern werden die Menschen 100 Jahre alt und bleiben dabei jung, weiß die Forschung. Und doch: Übergewicht, Fehlernährung, Bewegungsmangel, ausgetrocknete Körperzellen und ein müde dahin dümpelnder Stoffwechsel machen uns »Wohlstandsbürger« der ersten Welt vorzeitig alt.
Die gute Nachricht: Wir können unsere innere biologische Altersuhr anhalten und sogar zurückdrehen. Das Rezept: nach dem Vorbild der Natur leben, mit naturbelassenen Lebensmitteln, weniger Stress, mehr Schlaf und Bewegung. Wie Sie mehr aus Ihrem Leben machen, wie Sie Ihr junges, vitales selbst (wieder)erwecken - und wie dies mit ganz einfachen Programmen funktioniert, erklärt dieser neuartige Ratgeber.
- Ein lehrreiches und unterhaltsames »Lebensbuch« von Bestsellerautor Klaus Oberbeil.
- Ein Leben lang fit und gesund: Anleitung zu einem jüngeren und vitaleren Leben.
- Über 100 wertvolle Gesundheits-, Bewegungs- und Ernährungstipps.
- Auf biologische Art gesund alt werden
</marc:subfield>
   </marc:datafield>
   <marc:datafield ind1=" " ind2=" " tag="020">
      <marc:subfield code="a">9783927372931</marc:subfield>
      <marc:subfield code="9">9783927372931</marc:subfield>
   </marc:datafield>
   <marc:datafield ind1=" " ind2=" " tag="020">
      <marc:subfield code="a">3927372935</marc:subfield>
      <marc:subfield code="9">3927372935</marc:subfield>
   </marc:datafield>
   <marc:datafield ind1=" " ind2=" " tag="041">
      <marc:subfield code="a">ger</marc:subfield>
   </marc:datafield>
   <marc:datafield ind1=" " ind2=" " tag="300">
      <marc:subfield code="a">144 S.</marc:subfield>
   </marc:datafield>
</marc:record>
